000 00762nam a2200193Ia 4500
008 090124s9999 xx 000 0 und d
082 _b128959
100 _aचेस जेम्स हॅडले
245 _a यु आर डेड विदाऊट मनि ( रहस्यमय कादं.)
250 _a1
260 _c1999
300 _a206
600 _aचेस जेम्स हॅडले
630 _a यु आर डेड विदाऊट मनि ( रहस्यमय कादं.)
700 _aदेखणे मनोहर
700 _aचेस जेम्स हॅडले
730 _a यु आर डेड विदाऊट मनि ( रहस्यमय कादं.)
942 _cBOOK
999 _c175048
_d175048